Conflicts of interest (Record no. 113188)

MARC details
000 -LEADER
fixed length control field 01350cad a22002535a 4500
001 - CONTROL NUMBER
control field L154840
008 - FIXED-LENGTH DATA ELEMENTS--GENERAL INFORMATION
fixed length control field 120123s2012 xxk f 000 0 eng d
020 ## - INTERNATIONAL STANDARD BOOK NUMBER
International Standard Book Number 9781842197073
035 ## - SYSTEM CONTROL NUMBER
System control number (Sirsi) u154840
041 0# - LANGUAGE CODE
Language code of text/sound track or separate title eng
050 04 - LIBRARY OF CONGRESS CALL NUMBER
Classification number 333.0062 $1 8
110 2# - MAIN ENTRY--CORPORATE NAME
Corporate name or jurisdiction name as entry element Royal Institution of Chartered Surveyors
9 (RLIN) 4900
245 00 - TITLE STATEMENT
Title Conflicts of interest
Medium [electronic resource]
260 ## - PUBLICATION, DISTRIBUTION, ETC.
Place of publication, distribution, etc. Coventry
Name of publisher, distributor, etc. RICS
Date of publication, distribution, etc. 2012
490 #0 - SERIES STATEMENT
Series statement RICS Guidance Note
520 ## - SUMMARY, ETC.
Summary, etc. Based upon the law and practice in England, Wales and Northern Ireland, this guidance note provides advice to surveyors who are appointed to resolve disputes, either by the President of RICS or directly by the parties to a dispute, on dealing with conflicts of interest and involvements. It also seeks to inform the disputing parties and others involved in the dispute resolution process as to the relevant considerations and the procedures likely to be followed.
520 ## - SUMMARY, ETC.
Summary, etc. From 1 January 2018 superseded by Conflicts of interest, global Professional Statement 1st ed 2017 L159399
590 ## - LOCAL NOTE (RLIN)
Local note KA
651 #4 - SUBJECT ADDED ENTRY--GEOGRAPHIC NAME
Geographic name England and Wales
Chronological subdivision 1543-
651 #4 - SUBJECT ADDED ENTRY--GEOGRAPHIC NAME
Geographic name Northern Ireland
Chronological subdivision 2007-
690 ## - LOCAL SUBJECT ADDED ENTRY--TOPICAL TERM (OCLC, RLIN)
Topical term or geographic name as entry element Dispute resolution
9 (RLIN) 6236
856 40 - ELECTRONIC LOCATION AND ACCESS
Uniform Resource Identifier <a href="https://www.rics.org/profession-standards/knowledge-and-information-services">https://www.rics.org/profession-standards/knowledge-and-information-services</a>
Public note Please email [email protected] to request a copy
942 ## - ADDED ENTRY ELEMENTS (KOHA)
Suppress in OPAC 0
Source of classification or shelving scheme Dewey Decimal Classification
Holdings
Withdrawn status Lost status Source of classification or shelving scheme Damaged status Not for loan Home library Current library Shelving location Date acquired Total Checkouts Full call number Barcode Date last seen Copy number Price effective from Koha item type
    Dewey Decimal Classification     Archives Archives RICS Boxes 22/02/2012   RICS 2012/3 30077302 06/08/2019 1 06/08/2019 Archive
    Dewey Decimal Classification     London London Books 22/02/2012   RICS 2012/3 30077297 06/08/2019 1 06/08/2019 Book
    Dewey Decimal Classification     London London Books 22/02/2012   RICS 2012/3 30077298 06/08/2019 3 06/08/2019 Book
    Dewey Decimal Classification     Virtual Virtual Online 23/01/2012   SCAN 154840-2001 02/10/2023 1 06/08/2019 Online material